000 00340 a2200169 4500
001 45645
020 _a8525027057
040 _cAnchieta - Aquarius
100 _aLing, Mary
240 1 0 _aOs insetos
_lpor
245 1 0 _aOs insetos
300 _a
362 0 _a1991
440 1 _aGlobo
650 4 _aEnciclopédias gerais
942 _cBK
999 _c45645
_d45645